=LDR 00000nam 2200000 4500 =001 INLIS000000000015792 =005 20200826075237 =035 ##$$a 0010-061300000015792 =008 200826################g##########0#ind## =041 ##$$a Ind =082 ##$$a 2x9 =090 ##$$a 2x9, Abb e =100 ##$$a Abbas, Siradjuddin =245 1#$$a Empat puluh masalah agama Jilid II, /$c K.H.Siradjuddin 'Abbas =260 ##$$a Jakarta :$b Pustaka Tarbiyah,$c 1995 =300 ##$$a 324 hlm, 21cm ; $c 20 x 14 cm. =650 #4$$a Sejarah Islam =850 ##$$a NBPNMAT =084 ##$$a 2x9 ABB e =250 ##$$a cet. 21 =990 ##$$a 95.080/pro-96 =990 ##$$a 95.081/pro-96